| 000 | 01439nam a22003857a 4500 | ||
|---|---|---|---|
| 003 | CHAP | ||
| 005 | 20230822062638.0 | ||
| 008 | 971013s1974 r 00010 d | ||
| 010 | _a35413 | ||
| 011 | _a36385 | ||
| 035 | _a40504 | ||
| 040 | _cCHAP | ||
| 082 |
_a338.972 _bP33 1974 |
||
| 100 | 0 | 0 |
_aPadilla Aragón, Enrique. _984638 |
| 245 |
_aMéxico _b: desarrollo con pobreza |
||
| 250 | _aEd. rev. | ||
| 260 |
_aMéxico : _bSiglo XXI, _c1974 |
||
| 300 |
_a173 p. _b: gráfs |
||
| 490 | _aEconomía y demografía | ||
| 500 | _ac.3-5 reimp. de 1985 | ||
| 590 |
_aBATCH-UPD _b10 _c20130110 _lUCH01 _h1026 |
||
| 590 |
_aBATCH-UPD _b10 _c20130410 _lUCH01 _h0630 |
||
| 590 |
_aBATCH-UPD _b10 _c20130914 _lUCH01 _h1150 |
||
| 590 |
_aCONVERSION _b10 _c20130109 _lUCH01 _h1320 |
||
| 650 | 1 | 4 | _aDesarrollo económico. |
| 650 | 1 | 4 |
_aMéxico _xCondiciones económicas. |
| 830 | 0 | 4 |
_aEconomía y demografía (Siglo XXI Editores) _935280 |
| 901 | _aBK | ||
| 942 | _cLIBRO | ||
| 949 |
_a338.972 P33 1974 _bBC _cLIBRO _d33724000119665 _eLIBRO _h44953 _i40504 _si _t45.00 |
||
| 949 |
_a338.972 P33 1974 _bBC _cLIBRO _d33724000119681 _eLIBRO _fc.5 _h67068 _i40504 _si _t45.00 |
||
| 949 |
_a338.972 P33 1974 _bBC _cLIBRO _d33724000119699 _eLIBRO _fc.3 _h67066 _i40504 _si _t45.00 |
||
| 949 |
_a338.972 P33 1974 _bBC _cLIBRO _d33724000119707 _eLIBRO _fc.4 _h67067 _i40504 _si _t45.00 |
||
| 949 |
_a338.972 P33 1974 _bBC _cLIBRO _d33724002014082 _eLIBRO _fc.2 _h44956 _i40504 _si _t45.00 |
||
| 999 |
_c35413 _d35413 |
||